000 00708cab a2200289 4500
001 ABS60398
008 090401t1999 xxu||||| |||| 00| 0 eng d
035 _a(Sirsi) u92995
041 _aeng
100 _aJarman, D.
245 2 _aA cost-effective waste management plan
260 _c1999
350 _a0
490 _aCost Engineering
_v41 (3) March 1999, 35-43(9)
650 _aCONSTRUCTION WASTE
650 _aCOST ENGINEERING
650 _aCOSTS
650 _aDEMOLITION WASTE
650 _aLANDFILLS
650 _aRECYCLING
650 _aWASTE MANAGEMENT
690 _aBUILT ENVIRONMENT
700 _aMills, T.H.
700 _aShowalter, E.
942 _n0
948 _c27/04/1999
999 _c58937
_d58937